000 00941nam a2200289 i 4500
003 DO-SdBNP
005 20260508105316.0
007 ta
008 260508b2025 dr ||||| |||| 00| 0 spa d
020 _a978-9945663051
040 _aDO-SdBNP
_bspa
_cBNPHU
_erda
041 _aspa
082 4 _axxx
_bP349c
_222
100 _aPeña, Enegildo,
_d1965-
_eautor
_4aut.
_926365
245 1 0 _aContextos dede la lengua :
_bensayos /
_cEnegildo Peña
264 1 _aSanto Domingo :
_bEditorial Santuario,
_c2025.
300 _a218 páginas ;
_c23 cm.
336 _atexto
_btxt
_2rdacontent
337 _asin mediación
_bn
_2rdamedia
338 _avolumen
_bnc
_2rdacarrier
500 _aIncluye referencias bibliográficas y notas al pie de las páginas
500 _aIncluye datos biográficos del autor en las solapas
504 _aBibliografía : páginas 207-213
590 _aInventariado, 2026/BT
910 _aBtavárez
942 _2ddc
_cLBS1
999 _c60691
_d60691